000 00419nam a2200181Ia 4500
001 24064
005 20260414151018.0
008 260414t1928||||xx |||||||||||||| ||spa||
041 _aESP
082 _a759.46
_bG369
100 _aGoya, Francisco de
_eAUT
245 0 _aEpistolario de Goya
_b
260 _c1928
300 _a121 páginas :
_c18 cm.
650 _aABD
654 _aCAU
942 _cLIB
_dJUS
_fJUS
_2ddc
_n
999 _c24064
_d24064